000 00306nam a22001217a 4500
082 _a330
_bCBSE/E (Q/B)
100 _aOSWAAL BOOKS
245 _aQUESTION BANK ECONOMICS
_bCLASS XI
260 _aAGRA
_bOSWAAL BOOKS
_c2017
300 _a215
650 _aECONOMICS QUESTION PAPER FOR CLASS 11
_zINDIA
942 _cBK
999 _c558
_d558